| 000 | 00940nam a2200277 4500 | ||
|---|---|---|---|
| 001 | 74917 | ||
| 005 | 20251001113018.0 | ||
| 010 | _a978-972-22-2838-1 | ||
| 021 |
_aPT _b279527/08 |
||
| 090 | _a74917 | ||
| 100 | _a20090706d2008 a y0pory5003 ba | ||
| 101 | 1 |
_apor _ceng |
|
| 102 | _aPT | ||
| 105 | _aa z 000yy | ||
| 106 | _ar | ||
| 200 | 1 |
_aJasmim, a fadazinha dos presentes _fDaisy Meadows _gtrad. Maria Isabel de Mendonça Soares _gil. Georgie Ripper |
|
| 210 |
_aLisboa _cVerbo _dimp. 2008 |
||
| 215 |
_a73, [7] p. _cil. _d20 cm |
||
| 225 | 2 |
_aA magia do arco-íris _iAs fadazinhas das festas _iEu gosto de ler, e ponto final _v21 |
|
| 304 | _aTít. orig.: Jasmine the present fairy | ||
| 675 |
_a82 _vBN _zpor |
||
| 700 | 1 |
_aMeadows _bDaisy |
|
| 702 | 1 |
_aSoares _bMaria Isabel de Mendonça _4730 |
|
| 702 | 1 |
_aRipper _bGeorgie _4440 |
|
| 801 | 0 |
_aPT _bCMELV _gRPC |
|
| 942 |
_cMON _n0 |
||